Antisepsia intestinal, manera de rrealizarla (Record no. 160628)

MARC details
000 -LEADER
campo de control de longitud fija 00949nam a2200205 i 4500
001 - NÚMERO DE CONTROL
campo de control 160628
003 - IDENTIFICADOR DE NÚMERO DE CONTROL
campo de control ES-MaACL
005 - FECHA Y HORA DE LA ÚLTIMA TRANSACCIÓN
campo de control 20230906212106.0
008 - DATOS DE LONGITUD FIJA--INFORMACIÓN GENERAL
campo de control de longitud fija 040930s1897 cl |||| | spa d
080 ## - NÚMERO DE LA CLASIFICACIÓN DECIMAL UNIVERSAL
Número de la Clasificación Decimal Universal 616.34-022-085
100 1# - ENTRADA PRINCIPAL--NOMBRE DE PERSONA
Nombre de persona Newman, K.
9 (RLIN) 130452
245 10 - MENCIÓN DEL TÍTULO
Título Antisepsia intestinal, manera de rrealizarla
Resto del título : komunikazion echa a la Soziedad Zientífika de Balparaiso el 26 de agosto de 1896 /
Mención de responsabilidad, etc. por K. Newman.
260 ## - PUBLICACIÓN, DISTRIBUCIÓN, ETC.
Lugar de publicación, distribución, etc. Santiago de Chile :
Nombre del editor, distribuidor, etc. [s.n.],
Fecha de publicación, distribución, etc. 1897 (
Fabricante Imp. i enkuadernacion Barzelona)
300 ## - DESCRIPCIÓN FÍSICA
Extensión 21 p. ;
Dimensiones 19 cm.
530 ## - NOTA DISPONIBLE DE FORMULARIO FÍSICO ADICIONAL
Nota de formato físico adicional disponible Disponible en formato digital.
594 ## - Nota al título y mención de responsabilidad
Nota al título y mención de responsabilidad Se ha respetado la ortografía original.
650 04 - PUNTO DE ACCESO ADICIONAL DE MATERIA--TÉRMINO DE MATERIA
Término de materia o nombre geográfico como elemento de entrada Intestinos-
Subdivisión general Infecciones.
9 (RLIN) 136304
852 ## - LOCALIZACIÓN
Ubicación ES-MaACL
Número de control de estantería T-764-F-8
Nota libre - Enc. hol., conservando cub. original
-- - Enc. en un vol. facticio
856 ## - LOCALIZACIÓN Y ACCESO ELECTRÓNICOS
Identificador Uniforme de Recursos <a href="http://bibliotecadigitalhispanica.bne.es:80/webclient/DeliveryManager?pid=1885002&custom_att_2=simple_viewer">http://bibliotecadigitalhispanica.bne.es:80/webclient/DeliveryManager?pid=1885002&custom_att_2=simple_viewer</a>
Nota pública Biblioteca Digital Hispánica
Holdings
Estatus retirado Estado de pérdida Estado de daño No para préstamo Colección Biblioteca de origen Biblioteca actual Ubicación en estantería Fecha de adquisición Total de préstamos Signatura topográfica completa Código de barras Visto por última vez Precio de reemplazo Tipo de ítem Koha
        Colección de folletos Biblioteca del Ateneo de Madrid Biblioteca del Ateneo de Madrid Depósito folletos 17/01/2008   T-764-F-8 1168189 23/02/2023 23/02/2023 Folleto